| 000 | 00981nam a22002297a 4500 | ||
|---|---|---|---|
| 005 | 20240530110335.0 | ||
| 008 | 140906s2007 ua gr 000 0 ara d | ||
| 017 |
_a15074/2007 _bالقاهرة : دار الكتب المصرية |
||
| 020 | _a9774374061 | ||
| 040 | _aEG-CaGPL | ||
| 082 | 0 | 4 |
_221 _a722.2 _bق/م أ |
| 100 | 0 | _aمحمد راشد حماد | |
| 245 | 1 | 0 |
_aاشغال النجارة فى مصر القديمة : _bنجارة العمارة / _cتاليف محمد راشد حماد ؛ تقديم زاهى حواس |
| 260 |
_aالقاهرة : _bالمجلس الاعلى للاثار ، _c2007 |
||
| 300 |
_a605 ص ؛ _c24 سم |
||
| 490 | _aنحو وعى حضارى معاصر | ||
| 490 |
_aسلسلة الثقافة الاثرية والتاريخية : مشروع المائة كتاب _v52 |
||
| 650 | 0 | 7 |
_aالعمارة _yمصر القديمة |
| 650 | 0 | 7 |
_aالنجارة _yمصرالقديمة |
| 700 | 0 |
_aزاهى حواس _eمقدم |
|
| 942 |
_2ddc _cBK |
||
| 999 |
_c59774 _d59774 |
||